| 000 | 00481nam a2200133Ia 4500 | ||
|---|---|---|---|
| 008 | 200911s9999 xx 000 0 und d | ||
| 020 | _a978-971-98-1071-1 | ||
| 100 | _aMacayan, Jonathan Veran | ||
| 245 |
_cJonathan V. Macayan, Jasmine Nadja J. Pinugu, John Christopher D. Castillo _aUnderstanding the self: _boutcome-based module/ |
||
| 260 |
_aQuezon City: _bC and E Publishing, Inc. _c2018 |
||
| 300 |
_avii, 285 pages _c22 cm. |
||
| 650 | _aHuman behavior | ||
| 650 | _aPsychology | ||
| 999 |
_c364185 _d364185 |
||